Mathematic and Anthropological analysis of northern Luzon funeral textile / (Record no. 6562)

MARC details
000 -LEADER
fixed length control field 01194nab a22002417a 4500
003 - CONTROL NUMBER IDENTIFIER
control field OSt
005 - DATE AND TIME OF LATEST TRANSACTION
control field 20250327071405.0
008 - FIXED-LENGTH DATA ELEMENTS--GENERAL INFORMATION
fixed length control field 250326t2016 |||||||| |||| 00| 0 eng d
040 ## - CATALOGING SOURCE
Transcribing agency JMCFI - Learning Resource Center
100 ## - MAIN ENTRY--PERSONAL NAME
Personal name De Las Peñas Ma. Louise Antonette N.
9 (RLIN) 22412
245 ## - TITLE STATEMENT
Title Mathematic and Anthropological analysis of northern Luzon funeral textile /
Statement of responsibility, etc. Ma, Louise Antonette N. De Las Peñas, Analyn V. Salvador- Amores.
260 ## - PUBLICATION, DISTRIBUTION, ETC.
Place of publication, distribution, etc. Manila:
Name of publisher, distributor, etc. Department of Science and Technology(DOTS),
Date of publication, distribution, etc. 2016.
504 ## - BIBLIOGRAPHY, ETC. NOTE
Bibliography, etc. note Includes bibliographic references.
650 ## - SUBJECT ADDED ENTRY--TOPICAL TERM
Topical term or geographic name entry element Mathematica anthropological
General subdivision research.
9 (RLIN) 22413
650 ## - SUBJECT ADDED ENTRY--TOPICAL TERM
Topical term or geographic name entry element Indigenous textile
General subdivision quantitative research,
Geographic subdivision northern luzon, philippines.
9 (RLIN) 22414
650 ## - SUBJECT ADDED ENTRY--TOPICAL TERM
Topical term or geographic name entry element Funeral textile
General subdivision quantitative resaerch
Geographic subdivision philippines.
9 (RLIN) 22415
650 ## - SUBJECT ADDED ENTRY--TOPICAL TERM
Topical term or geographic name entry element Symmetry analysis indigenous weaving
General subdivision quantitative research.
9 (RLIN) 22416
650 ## - SUBJECT ADDED ENTRY--TOPICAL TERM
Topical term or geographic name entry element Mathematical crystallography
General subdivision quantitative research.
9 (RLIN) 22417
650 ## - SUBJECT ADDED ENTRY--TOPICAL TERM
Topical term or geographic name entry element Textile patterns, cultural heritage
General subdivision quantitative research.
9 (RLIN) 22418
700 ## - ADDED ENTRY--PERSONAL NAME
Personal name Salvador-Amores, Analyn V.
9 (RLIN) 22419
773 ## - HOST ITEM ENTRY
Related parts ; volume 145 number 1 , (2016) , pages 89-107
Title Philippine journal of science
942 ## - ADDED ENTRY ELEMENTS (KOHA)
Koha item type Periodicals
Holdings
Withdrawn status Lost status Source of classification or shelving scheme Damaged status Not for loan Home library Current library Date acquired Total Checkouts Date last seen Price effective from Koha item type
    Library of Congress Classification     LRC - College (Main) LRC - College (Main) 03/26/2025   03/26/2025 03/26/2025 Periodicals